|
|
|
|
| LEADER |
00000nam a2200000Ii 4500 |
| 001 |
DIGEJTLOZ206 |
| 003 |
NyNyDIG |
| 006 |
m o d |
| 007 |
cr ||||||||||| |
| 008 |
241101s2024 ck a o 000 0 spa d |
| 035 |
|
|
|a (OCoLC)1453431086
|
| 040 |
|
|
|a DGITA
|b eng
|e rda
|e pn
|c DGITA
|
| 020 |
|
|
|a 9789587253627
|q digital
|
| 020 |
|
|
|z 9789587253610
|q impreso
|
| 050 |
1 |
4 |
|a QA39.3 ebook
|
| 082 |
0 |
4 |
|a 512.13
|2 23
|
| 100 |
1 |
|
|a Ocaña Gómez, Adelina,
|e author.
|
| 245 |
1 |
0 |
|a Precálculo :
|b con aplicaciones a las funciones /
|c Adelina Ocaña Gómez y Mario Pérez Ruiz.
|
| 264 |
|
1 |
|a Bogotá :
|b Editorial UTADEO,
|c [2024]
|
| 300 |
|
|
|a 1 online resource :
|b illustrations.
|
| 336 |
|
|
|a text
|b txt
|2 rdacontent
|
| 337 |
|
|
|a computer
|b c
|2 rdamedia
|
| 338 |
|
|
|a online resource
|b cr
|2 rdacarrier
|
| 347 |
|
|
|a text file
|2 rdaft
|
| 347 |
|
|
|b PDF
|
| 588 |
0 |
|
|a Online resource; title from PDF title page (Digitalia, viewed November 1, 2024)
|
| 650 |
|
0 |
|a Precalculus.
|
| 650 |
|
0 |
|a Functions.
|
| 700 |
1 |
|
|a Pérez Ruiz, Mario,
|e author.
|
| 791 |
2 |
|
|a Digitalia (Firm),
|e distributor.
|
| 793 |
0 |
|
|g Digitalia eBook Collection:
|a Editorial Jorge Tadeo Lozano
|
| 776 |
0 |
8 |
|i Print version:
|a Ocaña Gómez, Adelina.
|t Precálculo.
|d Bogotá : Editorial UTADEO, [2024]
|z 9789587253610
|
| 856 |
4 |
0 |
|3 Digitalia Hispánica
|u https://www.digitaliapublishing.com/a/159400/
|
| 910 |
|
|
|a Premium collection: 2024
|